000 01251nam a22003497a 4500
003 CHAP
005 20220329140353.0
008 971013s1982 r 00010 d
010 _a51040
011 _a52012
035 _a56162
040 _cCHAP
090 _aTesis
100 0 0 _aRodríguez Piña, Antonio.
_998785
245 _aUso de plásticos en acolchamiento de suelos, para el cultivo de tomate (Lycopersicum esculentum M.), chile (Capsicum annuum L.) y maíz (Zea mays L.)
260 _aChapingo, Méx. :
_bEl autor,
_c1982
300 _a106 h.
_b; gráfs.
502 _aTesis (Ing. Agr. Esp. en Zonas Aridas) -- UACH. Departamento de Zonas Aridas
590 _aALEPH
_b10
_c20130110
_lUCH01
_h1326
590 _aBATCH-UPD
_b10
_c20130110
_lUCH01
_h0948
590 _aBATCH-UPD
_b10
_c20130410
_lUCH01
_h0603
590 _aBATCH-UPD
_b10
_c20130913
_lUCH01
_h1912
590 _aCONVERSION
_b10
_c20130109
_lUCH01
_h1328
650 1 4 _aAcolchado de suelos.
_9623
650 1 4 _aChile (Botánica)
_xRendimiento.
_922388
650 1 4 _aMaíz
_xRendimiento.
_971051
650 1 4 _aPlásticos en agricultura.
_989199
650 1 4 _aTomate
_xRendimiento.
_9113761
901 _aBK
942 _cTESIS
949 _bBC
_cTES
_d-122826
_eTS1
_h17834
_i56162
_si
999 _c51040
_d51040